| 000 | 00839pam a2200277 a 4500 | ||
|---|---|---|---|
| 001 | 1877958 | ||
| 003 | OSt | ||
| 005 | 20180116192430.0 | ||
| 008 | 830519s1983 nyua 001 0 eng | ||
| 010 | _a 83010499 | ||
| 020 |
_a0823045331 : _c$22.50 |
||
| 020 | _a0823045323 (pbk.) | ||
| 020 | _a9780823045327 | ||
| 040 |
_aDLC _cDLC _dDLC |
||
| 050 | 0 | 0 |
_aNC878 _b.K45 1983 |
| 082 | 0 | 0 |
_a741.26 _219 |
| 100 | 1 |
_aKemnitzer, Ronald B. _98147 |
|
| 245 | 1 | 0 |
_aRendering with markers / _cby Ronald B. Kemnitzer. |
| 260 |
_aNew York : _bWatson-Guptill Publications, _c1983. |
||
| 300 |
_a144 p. : _bill. (some col.) ; _c29 cm. |
||
| 500 | _aIncludes index. | ||
| 650 | 0 |
_aDry marker drawing _xTechnique. _98148 |
|
| 650 | 0 |
_aFelt marker drawing _xTechnique. _98149 |
|
| 906 |
_a7 _bcbc _corignew _d1 _eocip _f19 _gy-gencatlg |
||
| 942 |
_2ddc _cBK |
||
| 999 |
_c354093 _d354093 |
||